Green business : (Record no. 22875)

MARC details
000 -LEADER
fixed length control field 01191cam a22003135a 4500
001 - CONTROL NUMBER
control field 16631891
005 - DATE AND TIME OF LATEST TRANSACTION
control field 20161027120852.0
008 - FIXED-LENGTH DATA ELEMENTS--GENERAL INFORMATION
fixed length control field 110131t2011 caua frbd 001 0 eng d
010 ## - LIBRARY OF CONGRESS CONTROL NUMBER
LC control number 2011002870
020 ## - INTERNATIONAL STANDARD BOOK NUMBER
International Standard Book Number 9781412996846 (cloth)
040 ## - CATALOGING SOURCE
Original cataloging agency DLC
Language of cataloging eng
Transcribing agency DLC
Modifying agency DLC
-- EG-ScBUE
082 04 - DEWEY DECIMAL CLASSIFICATION NUMBER
Classification number 658.408303
Item number GRE
Edition number 22
245 00 - TITLE STATEMENT
Title Green business :
Remainder of title an A-to-Z guide /
Statement of responsibility, etc general editor Nevin Cohen.
260 ## - PUBLICATION, DISTRIBUTION, ETC. (IMPRINT)
Place of publication, distribution, etc Los Angeles :
Name of publisher, distributor, etc Sage Publications,
Date of publication, distribution, etc c.2011.
300 ## - PHYSICAL DESCRIPTION
Extent xxvi, 585 p. :
Other physical details ill. ;
Dimensions 27 cm.
490 0# - Series Statement
Series statement Sage reference series on green society : toward a sustainable future
500 ## - GENERAL NOTE
General note Index : p. 557-585.
500 ## - GENERAL NOTE
General note Includes glossary.
504 ## - BIBLIOGRAPHY, ETC. NOTE
Bibliography, etc Bibliography : p. 547-551.
520 ## - SUMMARY, ETC.
Summary, etc Provides an overview of key principles, approaches, strategies, and tools businesses have used to reduce environmental impacts and contribute to sustainability.
650 #0 - SUBJECT ADDED ENTRY--TOPICAL TERM
Topical term or geographic name as entry element Business enterprises
General subdivision Environmental aspects.
Source of heading or term BUEsh
650 #0 - SUBJECT ADDED ENTRY--TOPICAL TERM
Topical term or geographic name as entry element Management
General subdivision Environmental aspects.
Source of heading or term BUEsh
650 #0 - SUBJECT ADDED ENTRY--TOPICAL TERM
Topical term or geographic name as entry element Green products.
Source of heading or term BUEsh
650 #0 - SUBJECT ADDED ENTRY--TOPICAL TERM
Topical term or geographic name as entry element Green marketing.
Source of heading or term BUEsh
651 ## - SUBJECT ADDED ENTRY--GEOGRAPHIC NAME
Source of heading or term BUEsh
653 ## - INDEX TERM--UNCONTROLLED
Resource For college Engineering, General
Arrived date list October2016
700 1# - ADDED ENTRY--PERSONAL NAME
Personal name Cohen, Nevin,
Relator term editor.
942 ## - ADDED ENTRY ELEMENTS (KOHA)
Source of classification or shelving scheme Dewey Decimal Classification
Holdings
Withdrawn status Item status Source of classification or shelving scheme Damaged status Not for loan Vendor Home library Current library Shelving location Date acquired Source of acquisition Cost, normal purchase price Total Checkouts Full call number Barcode Date last seen Cost, replacement price Koha item type
    Dewey Decimal Classification     Baccah Central Library Central Library Ground Floor 27/10/2016 Purchase 910.00   658.408303 GRE 000034576 15/07/2025 1138.00 Reference (NB)